000
00267nam a2200121Ia 4500
008
190216s9999||||xx |||||||||||||| ||und||
100
_a
Uroob
245
0
_a
Thurannitta Jalakam
260
_b
Poorna Pubs Kozhikode
300
_a
69
650
_a
Kathakal
942
_c
BK
999
_c
23981
_d
23981